May It Please Your Honour (Record no. 11451)

MARC details
000 -LEADER
fixed length control field 00602nam a2200253 a 4500
020 ## - INTERNATIONAL STANDARD BOOK NUMBER
ISBN
082 00 - DEWEY DECIMAL CLASSIFICATION NUMBER
Classification number 923.2
Author Cutter GOD
100 ## - MAIN ENTRY--AUTHOR NAME
Author name Godse, Nathuram
245 ## - TITLE STATEMENT
Title May It Please Your Honour
260 ## - PUBLICATION, DISTRIBUTION, ETC. (IMPRINT)
Place of publication Delhi
Name of publisher Surya Bharti Prakashan
Year of publication 1996
300 ## - PHYSICAL DESCRIPTION
Number of Pages 164p
500 ## - GENERAL NOTE
General note includes index and biblioraphy
505 2# - FORMATTED CONTENTS NOTE
Formatted contents note Index
650 ## - SUBJECT ADDED ENTRY--TOPICAL TERM
Topical Term Hindutva
650 ## - SUBJECT ADDED ENTRY--TOPICAL TERM
Topical Term Gandhi M K-Murder
942 ## - ADDED ENTRY ELEMENTS (KOHA)
Koha item type Books
700 1# -
-- Godse, Nathuram
Holdings
Collection code Home library Current library Date acquired Cost, normal purchase price Full call number Accession Number Koha item type
  Henry Martyn Institute Library Henry Martyn Institute Library 10/10/2012 40.00 923.2 GOD 017806 Books
                   Copyright © 2026 | Henry Martyn Institute | Hyderabad | TS-500052 | INDIA | Implemented by hmi.edu.in
Hit-Count:

Powered by Koha